Vestník Okresného úradu Nitra

Bibliographic Details
New Title:Vestník Krajského úradu v Nitre
Other Authors: Gál, Mikuláš (Publishing director)
Format: Serial
Language:Slovak
PhysicalDescription:7 zv. 30 cm
Published: Nitra Okresný úrad 1992-1998
Subjects:

MARC

LEADER 00000cas a2200000 a 4500
001 vtls012053617
003 SK-MaSNL
005 20260228155924.0
008 210511d19921998xo sr 0 0slo
040 |a SNK  |b slo  |c SNK  |e AACR2 
041 0 |a slo 
043 |a e-xo--- 
044 |a xo  |c SK 
072 7 |a 352/354  |x Stupne miestnej, oblastnej a ústrednej správy  |2 konspekt 
080 |a 353.5  |2 2011 
080 |a 908  |2 2011 
080 |a (437.641)  |2 2011 
080 |a 050  |2 2011 
080 |a (055)  |2 2011 
245 0 0 |a Vestník Okresného úradu Nitra 
246 1 3 |a Vestník Okresného úradu v Nitre 
260 |a Nitra  |b Okresný úrad  |c 1992-1998 
300 |a 7 zv.  |c 30 cm 
310 |a 2x mesačne 
362 0 |a Roč.1 (1992)-roč.5 (1996) ; 1 (1997)-2 (1998)  |z SKP 
500 |a Popis podľa: roč. V/čiastka1, január 1996 
500 |a Šéfredaktor: ?-, Mikuláš Gál 
500 |a Registrované: OÚ Nitra RČ OÚ/16/93-MT 
610 2 7 |a Nitra (Slovensko).  |b Okresný úrad  |2 SNKKA  |9 188153 
650 0 7 |a územná samospráva  |2 SNKPH  |9 802 
655 7 |a vestníky  |2 SNKPH  |9 70701 
700 1 |a Gál, Mikuláš  |4 pbd  |9 265604 
785 0 0 |t Vestník Krajského úradu v Nitre 
910 |a snk 
999 |c 895  |d 895 
952 |0 0  |1 0  |4 0  |7 0  |8 0  |a SNK  |b SNK  |d 2021-05-11  |i snk2021/4219  |l 0  |o snkČSB 7627/5/1996  |p 17A1432534  |r 2026-02-21 19:52:54  |t č. 1-4  |w 2026-02-21  |y PREZ 
952 |0 0  |1 0  |4 0  |7 0  |8 0  |a SNK  |b SNK  |d 2021-05-12  |i snk2021/4320  |l 0  |o snkČSB 7627/1/1997  |p 17A1432535  |r 2026-02-21 19:53:13  |t len č. 3  |w 2026-02-21  |y PREZ